000 00891cab a2200193 4500
001 ABS43035
008 090401t1990 xxu||||| |||| 00| 0 eng d
035 _a(Sirsi) u40090
041 _aeng
245 _aBenzie v Happy Eater Ltd
260 _c1990
350 _a0
490 _aConstruction Industry Law Letter
_v(1990) CILL 588-589(2)
520 _aQBD 18 May 1990. Plaintiff (B) sought damages from the defendant (H) for loss of support negligence , nuisance and breach of restrictive covenant for excavations on the boundary of their property. The impartiality of B`s expert was questioned and in summarising the principles of law on rights of support , nuisance and negligence it was found that the plaintiff`s land had not been damaged. Claims for damages dismissed.
650 _aBOUNDARY WALLS
690 _aBUILDING SURVEYING-CASE LAW
942 _n0
948 _c04/03/1997
999 _c25679
_d25679